| 000 | 01061nam a2200253 a 4500 | ||
|---|---|---|---|
| 001 | 000030490 | ||
| 003 | DO-SdBNP | ||
| 005 | 20240311204353.0 | ||
| 008 | 110518nuuuuuuuudr 000 | spa d | ||
| 040 |
_aDO-SdBNP _bspa _cBNPHU |
||
| 049 | _aBNPD | ||
| 082 | 4 |
_a343.7293052 _bR426i _222 |
|
| 110 | 1 |
_aRepública Dominicana. _954280 |
|
| 245 | 1 | 0 |
_aImpuesto sobre la renta : _bley 5911 del 22 de julio de 1962 con sus modificaciones al 10 de octubre de 1982 / _c[recopilación y ordenamiento, Juan Pedro Castro ; edición corregida y actualizada por Gilda Estévez de Ferreras y Florencio A. Lorenzo Silva]. |
| 260 |
_aSanto Domingo : _bINCAT, _c[1983]. |
||
| 300 |
_a331 p. ; _c27 cm. |
||
| 590 | _aInventariado, 2022/MFF | ||
| 650 | 4 |
_aImpuesto sobre la renta _xLegislación _zRepública Dominicana _981322 |
|
| 700 | 1 |
_aCastro, Juan Pedro, _ecomp. _957116 |
|
| 700 | 1 |
_aNaut, Luis, _epresent. _922075 |
|
| 710 | 2 |
_aInstituto de Capacitación Tributaria (República Dominicana) _973226 |
|
| 910 | _aValidado. Control de calidad MFF | ||
| 942 |
_2ddc _cLBS1 |
||
| 999 |
_c29982 _d29982 |
||